Redefining indian history / (Record no. 164747)
[ view plain ]
| 000 -LEADER | |
|---|---|
| fixed length control field | 00456nam a22001697a 4500 |
| 005 - DATE AND TIME OF LATEST TRANSACTION | |
| control field | 20190525163715.0 |
| 010 ## - LCCN (DPL NO) | |
| LC control number | B-085608 |
| 020 ## - INTERNATIONAL STANDARD BOOK NUMBER | |
| International Standard Book Number | 8176620963 |
| Terms of availability | 400.00 |
| 035 ## - SYSTEM CONTROL NUMBER | |
| System control number | B-085608 |
| 037 ## - SOURCE OF ACQUISITION | |
| Source of stock number/acquisition | Minerva Press |
| 082 ## - DEWEY DECIMAL CLASSIFICATION NUMBER | |
| Classification number | 954 |
| 100 ## - MAIN ENTRY--PERSONAL NAME | |
| Personal name | Asiananda |
| 245 ## - TITLE STATEMENT | |
| Title | Redefining indian history / |
| Statement of responsibility, etc | Asiananda |
| 260 ## - PUBLICATION, DISTRIBUTION, ETC. (IMPRINT) | |
| Place of publication, distribution, etc | New Delhi |
| Name of publisher, distributor, etc | Minerva Press |
| Date of publication, distribution, etc | 1999 |
| 300 ## - PHYSICAL DESCRIPTION | |
| Extent | 482p (it include index) |
| Dimensions | 22cm (hbk) |
| 942 ## - ADDED ENTRY ELEMENTS (KOHA) | |
| Source of classification or shelving scheme | Dewey Decimal Classification |
| Item type | English Books |
| Classification part | 954 |
| Call number suffix | ASI |
| Withdrawn status | Lost status | Not for loan | Collection code | Home library | Current library | Date acquired | Full call number | Barcode | Koha item type |
|---|---|---|---|---|---|---|---|---|---|
| Non-fiction | Sarojini Nagar | Sarojini Nagar | 25/05/2019 | 954 ASI | B-085608 | English Books |
